| 000 | 00553nam a22001817a 4500 | ||
|---|---|---|---|
| 999 |
_c524855 _d524855 |
||
| 003 | NUST | ||
| 005 | 20190626112055.0 | ||
| 008 | 190626b ||||| |||| 00| 0 eng d | ||
| 038 | _aMr. Noman Tariq. | ||
| 082 | _a620.1 | ||
| 100 |
_aKamal Mazhar Malik. _915651 |
||
| 245 |
_aState and Parameter Estimation for Vehicle Dynamics Control/ _cKamal Mazhar Malik |
||
| 260 |
_aIslamabad : _bCEME NUST, _c2015. |
||
| 300 |
_avii, 93 p. : ill. ; _c35 cm. |
||
| 500 | _aHard Cover. | ||
| 600 |
_aMechanical Engineering - Ms Thesis _915652 |
||
| 942 |
_2ddc _cTHE |
||